General Knowledge Grab Bag V Quiz Stats

Quiz Updated Jun 22, 2016

Challenge
Share
Tweet
Embed
Score 0/55 Timer 10:00
3 Plays Today
Hint Answer % Correct
3 Singing ChipmunksAlvin
95%
8 Ivy League SchoolsHarvard University
89.5%
8 Ivy League SchoolsYale University
85.8%
10 Countries that begin with ‘N’Niger
83.6%
10 Countries that begin with ‘N’Nigeria
81.1%
3 Singing ChipmunksTheodore
75.2%
1 Thing Meatloaf Won’t Do For LoveThat
74.1%
8 Ivy League SchoolsBrown University
71.9%
2 Twins in 'Alice in Wonderland'Tweedledee
69.7%
2 Twins in 'Alice in Wonderland'Tweedledum
69.7%
5 Marx BrothersGroucho
68.8%
4 Major Golf ChampionshipsUS Open
68.5%
3 Singing ChipmunksSimon
67.8%
8 Ivy League SchoolsPrinceton University
67.6%
4 Major Golf ChampionshipsMasters Tournament
64.1%
10 Countries that begin with ‘N’Nicaragua
62.5%
7 Defense Against the Dark Arts Instructors*Severus Snape
61.3%
6 Classical Simple MachinesLever
60.6%
10 Countries that begin with ‘N’Norway
60.1%
6 Classical Simple MachinesPulley
58.4%
4 Major Golf ChampionshipsThe Open Championship
58.3%
10 Countries that begin with ‘N’Netherlands
57.4%
10 Countries that begin with ‘N’Namibia
56.7%
10 Countries that begin with ‘N’New Zealand
54.3%
10 Countries that begin with ‘N’Nepal
53.5%
5 Marx BrothersHarpo
53.3%
8 Ivy League SchoolsColumbia University
52.7%
8 Ivy League SchoolsDartmouth College
49.3%
Hint Answer % Correct
8 Ivy League SchoolsCornell University
49.3%
10 Countries that begin with ‘N’North Korea
48.8%
8 Ivy League SchoolsUniversity of Pennsylvania
47.4%
4 Major Golf ChampionshipsPGA Championship
46.3%
6 Classical Simple MachinesWheel and axle
44.6%
7 Defense Against the Dark Arts Instructors*Remus Lupin
44.5%
7 Defense Against the Dark Arts Instructors*Alastor 'Mad-Eye' Moody
43.2%
7 Defense Against the Dark Arts Instructors*Dolores Umbridge
41%
5 Marx BrothersZeppo
40.7%
7 Defense Against the Dark Arts Instructors*Quirinus Quirrell
40.5%
7 Defense Against the Dark Arts Instructors*Gilderoy Lockhart
40.1%
10 Countries that begin with ‘N’Nauru
34.7%
5 Marx BrothersChico
33.3%
6 Classical Simple MachinesInclined Plane
32.5%
6 Classical Simple MachinesScrew
29.4%
6 Classical Simple MachinesWedge
26.2%
7 Defense Against the Dark Arts Instructors*Amycus Carrow
20.9%
5 Marx BrothersGummo
16%
9 Muses of Greek MythologyErato
15.3%
9 Muses of Greek MythologyCalliope
11.6%
9 Muses of Greek MythologyClio
11.1%
9 Muses of Greek MythologyThalia
7.3%
9 Muses of Greek MythologyTerpsichore
7.3%
9 Muses of Greek MythologyUrania
5.4%
9 Muses of Greek MythologyEuterpe
5.4%
9 Muses of Greek MythologyPolyhymnia
4.9%
9 Muses of Greek MythologyMelpomene
4.8%

You're not logged in!

Compare scores with friends on all Sporcle quizzes.
Join for Free
OR
Log In

You Might Also Like...

Show Comments

Extras

Top Quizzes Today


Score Distribution

Your Account Isn't Verified!

In order to create a playlist on Sporcle, you need to verify the email address you used during registration. Go to your Sporcle Settings to finish the process.

Report this User

Report this user for behavior that violates our Community Guidelines.

Details: